000 00450ntaaa2200181 4500
003 01
005 20251027201848.0
008 0714s1973 ag 01
040 _aAR-BaBN
_bspa
_cAR-BaBN
_eaacr
_dRIC
082 _a248.2000 G27
100 _aGee, H.L.
_917116
245 _aThe shining highway
250 _a1 ed.
260 _aLondon :
_bThe Epworth Press,
_c1935, 1956
300 _a126 p
500 _aTestimonio de la vida cristiana
942 _cBK
999 _c13314
_d13314